THE INCREDIBLES / (Record no. 176522)
[ view plain ]
| 000 -LEADER | |
|---|---|
| fixed length control field | 02390ngm a22004337i 4500 |
| 005 - DATE AND TIME OF LATEST TRANSACTION | |
| control field | 20200301140351.0 |
| 008 - FIXED-LENGTH DATA ELEMENTS--GENERAL INFORMATION | |
| fixed length control field | 200226t20052005cau115 j |||| 00| vaeng d |
| 024 8# - OTHER STANDARD IDENTIFIER | |
| Standard number or code | 9555275608037 |
| Terms of availability | RM37.63 |
| 040 ## - CATALOGING SOURCE | |
| Original cataloging agency | PPAK |
| Language of cataloging | eng |
| Transcribing agency | PPAK |
| Description conventions | rda |
| 041 0# - LANGUAGE CODE | |
| Language code of text/sound track or separate title | eng |
| -- | chi |
| -- | kor |
| -- | por |
| -- | spa |
| Language code of subtitles or captions | eng |
| -- | chi |
| -- | kor |
| -- | spa |
| -- | por |
| 082 04 - DEWEY DECIMAL CLASSIFICATION NUMBER | |
| Classification number | 791.4334 |
| Edition number | 23 |
| 090 00 - LOCALLY ASSIGNED LC-TYPE CALL NUMBER (OCLC); LOCAL CALL NUMBER (RLIN) | |
| Classification number (OCLC) (R) ; Classification number, CALL (RLIN) (NR) | 791.4334 |
| Local cutter number (OCLC) ; Book number/undivided call number, CALL (RLIN) | INC |
| Feature heading | G |
| 245 04 - TITLE STATEMENT | |
| Title | THE INCREDIBLES / |
| Statement of responsibility, etc. | Directed by Brad Bird ; Produced by John Walker ; Written by Brad Bird |
| 250 ## - EDITION STATEMENT | |
| Edition statement | 2-disc collector's edition |
| 264 #1 - PRODUCTION, PUBLICATION, DISTRIBUTION, MANUFACTURE, AND COPYRIGHT NOTICE | |
| Place of production, publication, distribution, manufacture | [California] : |
| Name of producer, publisher, distributor, manufacturer | [Pixar Animation Studios], |
| Date of production, publication, distribution, manufacture, or copyright notice | [2005] |
| Date of production, publication, distribution, manufacture, or copyright notice | ©2005 |
| 300 ## - PHYSICAL DESCRIPTION | |
| Extent | 2 DVD video (approximately 115 minutes) : |
| Other physical details | sound, colour ; |
| Dimensions | 12 cm |
| 336 ## - CONTENT TYPE | |
| Source | rdacontent |
| Content type term | two-dimensional moving image |
| Content type code | tdi |
| 337 ## - MEDIA TYPE | |
| Source | rdamedia |
| Media type term | video |
| Media type code | v |
| 338 ## - CARRIER TYPE | |
| Source | rdacarrier |
| Carrier type term | videodisc |
| Carrier type code | vd |
| 500 ## - GENERAL NOTE | |
| General note | 2 disc (Disc 1: movie disc, Disc 2: bonus disc). |
| 511 1# - PARTICIPANT OR PERFORMER NOTE | |
| Participant or performer note | Craig T. Nelson, Holly Hunter, Sarah Vowell, Spencer Fox, Jason Lee, Samuel L. Jackson, Elizabeth Peña. |
| 520 ## - SUMMARY, ETC. | |
| Summary, etc. | Bob Parr and his wife Helen used to be among the world's greatest crime fighters. saving lives and battling evil on a daily basis. Fifteen years later, they have been forced to adopt civilian identities and retreat to the suburbs where they live "normal" lives with their three kids, Violet, Dash and Jack-Jack. Itching to get back into action, Bob gets his chance when a mysterious communication summons him to a remote island for a top secret assignment. He soon discovers that it will take a super family effort to rescue the world from total destruction. |
| 521 ## - TARGET AUDIENCE NOTE | |
| Target audience note | U (General). |
| 546 ## - LANGUAGE NOTE | |
| Language note | Disc 1 - In English, Mandarin and Cantonese ; with English and Chinese subtitles.<br/>Disc 2 - In English, Korean, Portuguese, Mandarin and Spanish ; with English, Chinese, Korean, Spanish and Portuguese subtitles. |
| 650 10 - SUBJECT ADDED ENTRY--TOPICAL TERM | |
| Topical term or geographic name entry element | Superheroes |
| Form subdivision | Drama |
| Topical term or geographic name entry element | Criminal investigation |
| Form subdivision | Drama |
| Topical term or geographic name entry element | Criminal behavior |
| Form subdivision | Drama |
| 700 1# - ADDED ENTRY--PERSONAL NAME | |
| Personal name | Bird, Brad, |
| Relator term | film director. |
| -- | author. |
| Personal name | Walker, John, |
| Relator term | film producer. |
| Personal name | Nelson, Craig T., |
| Relator term | voice actor. |
| Personal name | Hunter, Holly, |
| Relator term | voice actor. |
| Personal name | Vowell, Sarah, |
| Relator term | voice actor. |
| Personal name | Fox, Spencer, |
| Relator term | voice actor. |
| Personal name | Lee, Jason, |
| Relator term | voice actor. |
| Personal name | Jackson, Samuel L., |
| Relator term | voice actor. |
| Personal name | Peñ, Elizabeth, |
| Relator term | voice actor. |
| 942 ## - ADDED ENTRY ELEMENTS (KOHA) | |
| Source of classification or shelving scheme | Dewey Decimal Classification |
| Koha item type | Digital Video Disc |
| Withdrawn status | Lost status | Source of classification or shelving scheme | Damaged status | Not for loan | Home library | Current library | Shelving location | Date acquired | Source of acquisition | Cost, normal purchase price | Inventory number | Full call number | Barcode | Date last seen | Cost, replacement price | Price effective from | Koha item type |
|---|---|---|---|---|---|---|---|---|---|---|---|---|---|---|---|---|---|
| Dewey Decimal Classification | Perpustakaan Baling | Perpustakaan Baling | Pinjaman Dewasa | 03/03/2020 | PS | 37.63 | 2019 | 791.4334 INC | A01634291 | 03/03/2020 | 37.60 | 03/03/2020 | Digital Video Disc | ||||
| Dewey Decimal Classification | Perpustakaan Kulim | Perpustakaan Kulim | Pinjaman Dewasa | 03/03/2020 | PS | 37.63 | 2019 | 791.4334 INC | A01634290 | 03/03/2020 | 37.60 | 03/03/2020 | Digital Video Disc |